[Event "Druzynowe Mistrzostwa Polski Juniorow 2018 - II Liga"]
[Site "Szczyrk"]
[Date "1899-12-30"]
[Round "10.97"]
[White "Kawaler, Adam"]
[Black "Szczepanski, Grzegorz"]
[Result "1-0"]
[WhiteTitle "I"]
[BlackTitle "III"]
[WhiteElo "1811"]
[BlackElo "1184"]

1. e4 e5 2. Nf3 Nc6 3. Bb5 a6 4. Ba4 Bc5 5. c3 Nge7 6. d4 exd4 7. cxd4 Bb4+ 8.
Bd2 Bxd2+ 9. Nbxd2 b5 10. Bc2 d5 11. exd5 Nxd5 12. O-O O-O 13. Bxh7+ Kxh7 14.
Qc2+ g6 15. Qxc6 Bf5 16. a3 Rh8 17. Rfe1 Nf4 18. Ne4 Kg7 19. Ng3 Be6 20. Qe4 Qf6
21. Ne2 Nxe2+ 22. Rxe2 Rad8 23. Qe5 Bg4 24. Re3 Qxe5 25. dxe5 Rd5 26. Ng5 Rh5
27. f4 Rd2 28. Ne4 Rxb2 29. Nf6 Rf5 30. Nxg4 Rxf4 31. h3 c5 32. Rf1 Rxf1+ 33.
Kxf1 c4 34. Nf2 b4 35. axb4 Rxb4 36. Ra3 Rb6 37. Ne4 Re6 38. Nc5 Rxe5 39. Nxa6
Rb5 40. Rc3 Rf5+ 41. Ke2 Rf4 42. Nc5 g5 43. Ke3 Kg6 44. Ne4 f5 45. Nd2 Kh5 46.
Rxc4 Rxc4 47. Nxc4 Kh4 48. Kf3 g4+ 49. hxg4 fxg4+ 50. Kf4 Kh5 51. Ne5 Kh4 52.
Nxg4 Kh5 53. Ne5 Kh6 54. g4 Kg7 55. g5 Kh7 56. g6+ Kg7 57. Kf5 1-0

[Event "Druzynowe Mistrzostwa Polski Juniorow 2018 - II Liga"]
[Site "Szczyrk"]
[Date "1899-12-30"]
[Round "10.98"]
[White "Zychlewicz, Tomasz"]
[Black "Strugarek, Lukasz"]
[Result "0-1"]
[WhiteTitle "II"]
[BlackTitle "II"]
[WhiteElo "1252"]
[BlackElo "1624"]

1. e4 c5 2. Nf3 d6 3. d4 cxd4 4. Nxd4 Nf6 5. Nc3 g6 6. Be2 Bg7 7. Be3 O-O 8. O-O
Nc6 9. Qd2 Bd7 10. h3 Rc8 11. Rac1 a6 12. f4 Qc7 13. g4 Nxd4 14. Bxd4 e5 15. fxe5
dxe5 16. Be3 Be6 17. Bg5 Qb6+ 18. Kh2 Qxb2 19. Bxf6 Qxc3 20. Qxc3 Rxc3 21. Bg5
Rfc8 22. Rfd1 f6 23. Bh4 Kf7 24. Bd3 Bxa2 25. Kg1 R8c7 26. Rf1 Ke6 27. Be1 R3c6
28. h4 Bh6 29. Ra1 Bc4 30. Bxc4+ Rxc4 31. Rb1 b5 32. Ra1 R7c6 33. Rf2 Be3 34.
Kf1 Bxf2 35. Bxf2 Rxc2 36. Kg2 b4 37. Kg3 b3 38. Rb1 b2 39. Be3 R6c3 40. Kf3 Rb3
41. g5 fxg5 42. hxg5 a5 43. Kg4 Rxe3 44. Kh4 Rb3 45. Kg4 Rc1 46. Rxc1 Qbxc1 47.
Kh4 Qe1+ 48. Kg4 Qg3# 0-1

[Event "Druzynowe Mistrzostwa Polski Juniorow 2018 - II Liga"]
[Site "Szczyrk"]
[Date "1899-12-30"]
[Round "10.99"]
[White "Kebel, Bartosz"]
[Black "Baszczynski, Gabriel"]
[Result "1-0"]
[WhiteTitle "II"]
[BlackTitle "II"]
[WhiteElo "1397"]
[BlackElo "1370"]

1. d4 Nf6 2. c4 e6 3. Nc3 Bb4 4. a3 Bxc3+ 5. bxc3 O-O 6. Bg5 h6 7. Bh4 b6 8. Nf3
Bb7 9. e3 d6 10. Bd3 Nbd7 11. O-O c5 12. Re1 Qc7 13. e4 Rad8 14. Rc1 Rfe8 15.
h3 Ba8 16. a4 Rc8 17. Bg3 e5 18. d5 Nf8 19. Nh4 g6 20. Qd2 Kg7 21. Bh2 Qe7 22.
f4 Nxe4 23. Rxe4 f5 24. Nxf5+ gxf5 25. Re3 e4 26. Rce1 Qd7 27. Bc2 Bb7 28. Qe2
Kh7 29. Kh1 a6 30. g4 Kh8 31. gxf5 Qxf5 32. Qg4 Qf6 33. Bxe4 b5 34. Rg1 Nh7 35.
Bf5 Rg8 36. Qh5 bxc4 37. Bxc8 Bxd5+ 38. Qxd5 Rxc8 39. Qe6 Qf8 40. f5 Nf6 41. Bxd6
Qd8 42. Be7 1-0

[Event "Druzynowe Mistrzostwa Polski Juniorow 2018 - II Liga"]
[Site "Szczyrk"]
[Date "1899-12-30"]
[Round "10.100"]
[White "Gorczynski, Aleksander"]
[Black "Dahche, Abdel-azziz"]
[Result "0-1"]
[WhiteTitle "IV"]
[BlackTitle "II"]
[WhiteElo "1000"]
[BlackElo "1408"]

1. e4 c5 2. Nf3 d6 3. d4 cxd4 4. Nxd4 Nf6 5. Nc3 g6 6. Bd3 Bg7 7. O-O O-O 8. b3
Nh5 9. Nde2 Nc6 10. Bb2 Ne5 11. Nd5 Nf3+ 12. gxf3 Bxb2 13. Rb1 Be5 14. f4 Bg7
15. Ng3 Nf6 16. Ne3 Bh3 17. Re1 h5 18. f5 e5 19. Bc4 Kh7 20. Qd2 h4 21. Ne2 Nxe4
22. Qd3 Qg5+ 23. Ng3 gxf5 24. Bd5 hxg3 25. Bxe4 gxf2+ 26. Kxf2 Qh4+ 27. Ke2 Qxe4
28. Qxe4 fxe4 29. Rbd1 Rad8 30. Rg1 Bh6 31. Rg3 Be6 32. Rdg1 Rg8 33. Rxg8 Rxg8
34. Rd1 d5 35. Nxd5 Bg4+ 0-1

[Event "Druzynowe Mistrzostwa Polski Juniorow 2018 - II Liga"]
[Site "Szczyrk"]
[Date "1899-12-30"]
[Round "10.101"]
[White "Skiba, Aleksandra"]
[Black "Dixa, Joanna"]
[Result "1-0"]
[WhiteTitle "I+"]
[BlackTitle "I"]
[WhiteElo "1659"]
[BlackElo "1388"]

1. e4 d6 2. d4 Nf6 3. Nc3 g6 4. f4 Bg7 5. Nf3 O-O 6. Be2 Nbd7 7. O-O c6 8. Kh1
Qc7 9. Qe1 e5 10. dxe5 dxe5 11. Qh4 Re8 12. f5 Qd6 13. fxg6 fxg6 14. Bc4+ Kh8
15. Ng5 Qe7 16. Nf7+ Kg8 17. Nd6+ Kh8 18. Nxe8 Qxe8 19. Bg5 Qf8 20. Rad1 Qc5 21.
Bf7 Qf8 22. Bxg6 Qg8 23. Bf5 b5 24. Ne2 a5 25. Rf3 Ra7 26. Rh3 Rc7 27. b3 b4 28.
Rd6 c5 29. Bxf6 Nxf6 30. Rxf6 Bxf5 31. Rxf5 Rd7 32. Rd3 Rxd3 33. cxd3 1-0

[Event "Druzynowe Mistrzostwa Polski Juniorow 2018 - II Liga"]
[Site "Szczyrk"]
[Date "1899-12-30"]
[Round "10.102"]
[White "Chlasta, Joanna"]
[Black "Kulczycka, Zofia"]
[Result "0-1"]
[WhiteTitle "IV"]
[BlackTitle "II+"]
[WhiteElo "1000"]
[BlackElo "1181"]

1. e4 c5 2. Nf3 d6 3. Nc3 Nc6 4. Bc4 g6 5. O-O Bg7 6. d3 e6 7. Be3 Nge7 8. d4 cxd4
9. Bxd4 Nxd4 10. Nxd4 O-O 11. Nde2 a6 12. Rb1 Qc7 13. Qd3 Nc6 14. Qe3 Ne5 15.
b3 Nxc4 16. bxc4 Qxc4 17. Rfd1 Rd8 18. a3 b5 19. Rb4 Qc7 20. a4 bxa4 21. Rxa4
Bb7 22. Rc1 Rdc8 23. Ra3 Qc5 24. Qxc5 Rxc5 25. f3 Rac8 26. Nd1 Rxc2 27. Rxc2 Rxc2
28. Nd4 Bxd4+ 29. Re3 Rc1 30. Kf2 Bxe3+ 31. Kxe3 Rxd1 32. g3 a5 33. Ke2 Rb1 34.
Kd2 Rb3 35. h4 a4 36. Kc2 d5 37. g4 dxe4 38. fxe4 Bxe4+ 39. Kc1 a3 40. h5 a2 41.
Kd2 Qa1 42. Ke2 Qa2+ 43. Kf1 Rb1# 0-1

[Event "Druzynowe Mistrzostwa Polski Juniorow 2018 - II Liga"]
[Site "Szczyrk"]
[Date "1899-12-30"]
[Round "10.103"]
[White "Rzasa, Michal"]
[Black "Krupinski, Mikolaj"]
[Result "1/2-1/2"]
[WhiteTitle "III"]
[BlackTitle "II"]
[WhiteElo "1000"]
[BlackElo "1531"]

1. e4 c5 2. Nf3 Nc6 3. c3 d5 4. exd5 Qxd5 5. d4 cxd4 6. cxd4 e5 7. dxe5 Qxd1+ 8.
Kxd1 Bg4 9. Bf4 O-O-O 10. Kc1 Bc5 11. Nbd2 Bxf3 12. gxf3 f5 13. Bg3 g5 14. Bh3
Nd4 15. f4 gxf4 16. Bh4 Be7 17. Bxe7 Nxe7 18. Nc4 Kc7 19. Nd6 Rhg8 20. b3 Rdf8
21. Kb2 Ndc6 22. Rac1 Rg6 23. Rhd1 Re6 24. Re1 Kb8 25. Nc4 Ng6 26. Rcd1 b5 27.
Rd6 Rxd6 28. Nxd6 Ngxe5 29. Rg1 Rd8 30. Nxb5 Rd2+ 31. Ka3 Rxf2 32. Bxf5 Rxh2 33.
Rf1 f3 34. Be4 Ne7 35. Bxf3 Nxf3 36. Rxf3 h5 37. Nxa7 Kxa7 38. Rf7 Re2 39. Rh7
Re5 40. b4 Kb6 41. Kb3 Nc6 42. Rh6 Rb5 43. Kc3 Rg5 44. a4 Kc7 45. b5 Nb8 46. Kb4
Kb7 47. Ka5 Rf5 48. Rh7+ Ka8 49. Kb6 Rf6+ 50. Kc7 Na6+ 51. bxa6 Rxa6 52. a5 Rxa5
53. Kb6 Ra1 1/2-1/2

[Event "Druzynowe Mistrzostwa Polski Juniorow 2018 - II Liga"]
[Site "Szczyrk"]
[Date "1899-12-30"]
[Round "10.104"]
[White "Owoc, Jakub"]
[Black "Grubiak, Karol"]
[Result "1-0"]
[WhiteTitle "II"]
[BlackTitle "IV"]
[WhiteElo "1511"]
[BlackElo "1000"]

1. f4 f5 2. Nf3 Nf6 3. Nc3 Nc6 4. d3 e6 5. e4 Bb4 6. e5 Nd5 7. Bd2 Bxc3 8. bxc3
b6 9. c4 Nde7 10. c3 Ng6 11. d4 Bb7 12. Bd3 Na5 13. O-O Nh4 14. Ne1 Ng6 15. Qe2
Qc8 16. Nc2 Ba6 17. Ne3 Rb8 18. Rab1 Nc6 19. g4 fxg4 20. Bxg6+ hxg6 21. Qxg4 Ne7
22. Rf2 Kf7 23. Rg2 Rh5 24. Be1 Qh8 25. d5 Bb7 26. Rd1 Qh7 27. Bg3 Rh8 28. Rgd2
Bc8 29. dxe6+ dxe6 30. Rd8 a5 31. Qf3 c6 32. Qg2 Qh6 33. Qb2 Rh3 34. Rxh8 Qxh8
35. Qxb6 Qh6 36. Qb2 g5 37. Qf2 gxf4 38. Bxf4 Qh5 39. Bg3+ Nf5 40. Rd8 Ba6 41.
Rd2 Kg6 42. Ng2 Kh7 43. Nf4 Rxg3+ 44. hxg3 Qg4 45. Qh2+ Kg8 46. Kf2 Bxc4 47. a3
Bd5 48. Nxd5 cxd5 49. Qg2 Qg5 50. Re2 Nh6 51. Qh3 Ng4+ 52. Kg2 Ne3+ 53. Kf3 Nd1
54. Qxe6+ Kh7 55. Rh2+ 1-0

[Event "Druzynowe Mistrzostwa Polski Juniorow 2018 - II Liga"]
[Site "Szczyrk"]
[Date "1899-12-30"]
[Round "10.105"]
[White "Bochenek, Ryszard"]
[Black "Wiszniewski, Szymon"]
[Result "0-1"]
[WhiteTitle "II"]
[BlackTitle "II"]
[WhiteElo "1296"]
[BlackElo "1257"]

1. d4 Nf6 2. c4 e6 3. Nc3 b6 4. Nf3 Bb7 5. e3 Bb4 6. Bd2 c5 7. Bd3 O-O 8. O-O d6
9. Re1 Qc7 10. e4 a6 11. a3 Bxc3 12. Bxc3 cxd4 13. Nxd4 Nbd7 14. f4 Nc5 15. Bc2
Ncxe4 16. Qd3 Nxc3 17. bxc3 Rac8 18. Bb3 d5 19. cxd5 Bxd5 20. Bxd5 Nxd5 21. Rac1
Qc4 22. Qg3 Qc7 23. Re5 Rfd8 24. f5 exf5 25. Nxf5 f6 26. Nh6+ Kf8 27. Rf1 Qxc3
28. Rxf6+ Nxf6 29. Qg5 Qc1+ 30. Qxc1 Rxc1+ 0-1

[Event "Druzynowe Mistrzostwa Polski Juniorow 2018 - II Liga"]
[Site "Szczyrk"]
[Date "1899-12-30"]
[Round "10.106"]
[White "Bar, Klaudia"]
[Black "Rzasa, Mateusz"]
[Result "1-0"]
[WhiteTitle "I"]
[BlackTitle "II"]
[WhiteElo "1478"]
[BlackElo "1092"]

1. f4 f5 2. Nf3 e6 3. g3 Nf6 4. Bg2 Bc5 5. e3 Nc6 6. O-O d6 7. d3 Qe7 8. a3 a5
9. Qe2 Bd7 10. c3 O-O 11. Kh1 Qf7 12. e4 e5 13. exf5 Bxf5 14. fxe5 dxe5 15. Nxe5
Qe6 16. d4 Bd6 17. Re1 Rae8 18. Bf4 Bg4 19. Qe3 Nd5 20. Qd2 Nxf4 21. gxf4 Nxe5
22. fxe5 Be7 23. c4 Bh4 24. Rc1 Qf5 25. Qc2 Qh5 26. Nd2 Bg3 27. Bd5+ Kh8 28. Nf3
Bxf3+ 29. Bxf3 Rxf3 30. Qg2 Ref8 31. Kg1 Bf2+ 32. Kh1 Rh3 33. Rf1 Rg3 34. Qxg3
h6 35. Rxf2 Qf5 36. Rff1 1-0

[Event "Druzynowe Mistrzostwa Polski Juniorow 2018 - II Liga"]
[Site "Szczyrk"]
[Date "1899-12-30"]
[Round "10.107"]
[White "Trusz, Julia"]
[Black "Pawlak, Emilia"]
[Result "1-0"]
[WhiteTitle "I+"]
[BlackTitle "I"]
[WhiteElo "1699"]
[BlackElo "1415"]

1. e4 c5 2. Nf3 Nf6 3. e5 Nd5 4. d4 cxd4 5. Qxd4 e6 6. c3 Nc6 7. Qg4 Qc7 8. Qe4
d6 9. Bb5 Bd7 10. exd6 Bxd6 11. O-O O-O 12. Nbd2 a6 13. Bd3 Nf6 14. Qh4 h6 15.
Nc4 Ne7 16. Bxh6 Ng6 17. Bxg6 fxg6 18. Nxd6 gxh6 19. Rad1 Kg7 20. Ne5 Rad8 21.
Qg3 g5 22. Qd3 Be8 23. Nxe8+ Rdxe8 24. Qg6+ Kh8 25. Qxh6+ Qh7 26. Ng6+ Kg8 27.
Qxh7+ Kxh7 28. Nxf8+ Rxf8 29. Rd6 Re8 30. Re1 Kg6 31. Rexe6 Rxe6 32. Rxe6 Kf5
33. Rb6 1-0

[Event "Druzynowe Mistrzostwa Polski Juniorow 2018 - II Liga"]
[Site "Szczyrk"]
[Date "1899-12-30"]
[Round "10.108"]
[White "Szopa, Emilia"]
[Black "Pietrzak, Emilia"]
[Result "1-0"]
[WhiteTitle "I"]
[BlackTitle "II"]
[WhiteElo "1422"]
[BlackElo "1210"]

1. e4 c5 2. Nf3 e6 3. d3 d5 4. Nbd2 Nc6 5. g3 Nf6 6. Bg2 Be7 7. O-O O-O 8. Re1
b5 9. e5 Nd7 10. b3 Qc7 11. Bb2 Nb6 12. c3 Bd7 13. d4 a5 14. Rc1 c4 15. bxc4 Nxc4
16. Nxc4 dxc4 17. Nd2 Ra6 18. f4 Rb8 19. Kh1 Nd8 20. Nf1 b4 21. Ne3 b3 22. a3
Bc6 23. f5 Bxg2+ 24. Kxg2 Bg5 25. Qg4 Bxe3 26. Rxe3 exf5 27. Qxf5 Qc6+ 28. Kg1
Qg6 29. Qf1 Qg5 30. Re2 Nc6 31. Rf2 Qg6 32. Qxc4 Rab6 33. Rcf1 R8b7 34. e6 Nd8
35. exf7+ Kf8 36. Qc5+ Rd6 37. Qxa5 Ne6 1-0

[Event "Druzynowe Mistrzostwa Polski Juniorow 2018 - II Liga"]
[Site "Szczyrk"]
[Date "1899-12-30"]
[Round "11.1"]
[White "Karpus, Michal"]
[Black "Pniaczek, Marek"]
[Result "0-1"]
[WhiteTitle "FM"]
[BlackTitle "CM"]
[WhiteElo "2364"]
[BlackElo "2082"]

1. e4 e5 2. Nf3 Nc6 3. Bb5 a6 4. Ba4 Nf6 5. O-O Be7 6. Re1 b5 7. Bb3 d6 8. c3 O-O
9. h3 Nb8 10. d4 Nbd7 11. Nbd2 Bb7 12. Bc2 Re8 13. Nf1 Bf8 14. Ng3 g6 15. a4 c5
16. d5 c4 17. Bg5 Nc5 18. Qd2 Be7 19. Bh6 Nfd7 20. a5 Bf8 21. Nh2 Bxh6 22. Qxh6
Qf6 23. Ne2 Qg7 24. Qd2 Bc8 25. Qe3 Ra7 26. Rf1 Rc7 27. h4 Nf6 28. f3 h5 29. Kh1
Kh7 30. Qg5 Ng8 31. f4 exf4 32. Qxf4 Qe5 33. Rae1 Qxf4 34. Rxf4 Kg7 35. Nd4 Nf6
36. Nhf3 Rce7 37. Ng5 Nxd5 38. Rf3 Bg4 39. Rf2 f6 40. Ngf3 Nxe4 41. Bxe4 Rxe4
42. Rd1 Nf4 43. b3 d5 44. bxc4 dxc4 45. Kh2 Nd3 46. Rfd2 Bxf3 47. gxf3 Re1 48.
Rxe1 Rxe1 49. Nc2 Rb1 50. Nd4 Ra1 51. Nc6 Ne5 52. Nxe5 fxe5 53. Rd5 Rxa5 54. Rxe5
Ra3 55. Re3 Kf6 0-1

[Event "Druzynowe Mistrzostwa Polski Juniorow 2018 - II Liga"]
[Site "Szczyrk"]
[Date "1899-12-30"]
[Round "11.2"]
[White "Musial, Tomasz"]
[Black "Poltorak, Sebastian"]
[Result "1/2-1/2"]
[WhiteTitle "k"]
[BlackTitle "I"]
[WhiteElo "2029"]
[BlackElo "1810"]

1. e4 c6 2. Nc3 d5 3. Nf3 Bg4 4. h3 Bxf3 5. Qxf3 e6 6. d4 Nf6 7. Bd3 dxe4 8. Nxe4
Nbd7 9. c3 Nxe4 10. Qxe4 Nf6 11. Qe2 Bd6 12. O-O Qc7 13. Bc2 h6 14. a4 O-O-O 15.
b3 Rdg8 16. Ba3 Bxa3 17. Rxa3 g5 18. b4 h5 19. b5 h4 20. c4 g4 21. Qe5 Qxe5 22.
dxe5 Nd7 23. hxg4 Rxg4 24. f4 Rhg8 25. Rf2 Nc5 26. Bd1 Rg3 27. Rxg3 hxg3 28. Rd2
Rd8 29. Rxd8+ Kxd8 30. Bc2 Kc7 31. a5 cxb5 32. cxb5 a6 33. bxa6 Nxa6 34. Kf1 Nb4
35. Bh7 Kd7 36. Ke2 Nc6 37. Kf3 Nxa5 38. Kxg3 Nc6 1/2-1/2

[Event "Druzynowe Mistrzostwa Polski Juniorow 2018 - II Liga"]
[Site "Szczyrk"]
[Date "1899-12-30"]
[Round "11.3"]
[White "Meers, Hubert"]
[Black "Wilk, Igor"]
[Result "1/2-1/2"]
[WhiteTitle "I+"]
[BlackTitle "I"]
[WhiteElo "1808"]
[BlackElo "1560"]

1. e4 e6 2. d4 d5 3. Nd2 c5 4. exd5 Qxd5 5. Ngf3 cxd4 6. Bc4 Qd6 7. O-O Nf6 8.
Nb3 Nc6 9. Nbxd4 Nxd4 10. Qxd4 Qxd4 11. Nxd4 a6 12. a4 Bd7 13. b3 O-O-O 14. Bb2
Bc5 15. Rad1 Kc7 16. Nf3 Bc6 17. Be5+ Kc8 18. Nd4 Bxd4 19. Rxd4 Rxd4 20. Bxd4
Rd8 21. Bb6 Rd2 22. Bd3 Be4 23. Ba5 Bxd3 24. Bxd2 Bxf1 25. Kxf1 Ne4 26. Bb4 Kd7
27. Ke2 Kc6 28. Ke3 Nf6 29. Bf8 g6 30. f3 Nd7 31. Ba3 f6 32. Kd4 e5+ 33. Kd3 Nc5+
34. Ke3 Ne6 35. Bb2 Kd6 36. Ba3+ Kc6 37. Bb2 Kd6 38. Ba3+ 1/2-1/2

[Event "Druzynowe Mistrzostwa Polski Juniorow 2018 - II Liga"]
[Site "Szczyrk"]
[Date "1899-12-30"]
[Round "11.4"]
[White "Bartoszczuk, Adam"]
[Black "Zabrzanska, Weronika"]
[Result "0-1"]
[WhiteTitle "II+"]
[BlackTitle "I++"]
[WhiteElo "1249"]
[BlackElo "1570"]

1. e4 d6 2. Nf3 Nf6 3. d3 e5 4. c3 Nc6 5. Be2 Be7 6. O-O O-O 7. Re1 Re8 8. Nbd2
Bf8 9. Nf1 Ne7 10. Bg5 Ng6 11. Ne3 h6 12. Bxf6 Qxf6 13. Nd5 Qd8 14. Bf1 c6 15.
Ne3 Qf6 16. g3 Bd7 17. Bg2 Rad8 18. Qc2 Bc8 19. d4 h5 20. h4 a6 21. Rad1 Qe7 22.
Nf5 Qf6 23. dxe5 dxe5 24. Ne3 Bc5 25. Rxd8 Rxd8 26. Nf5 Ne7 27. Nxe7+ Qxe7 28.
Rd1 Re8 29. Qd2 Bg4 30. b4 Bb6 31. Qd6 Qxd6 32. Rxd6 Bc7 33. Rd3 Be6 34. a3 f6
35. Nd2 a5 36. Bf3 g6 37. Be2 Kf7 38. Kg2 Ra8 39. Bd1 axb4 40. cxb4 Ke7 41. Nf1
Bb6 42. Ne3 Bd4 43. Nc2 Bc4 44. Rf3 Bb2 45. Kh3 Rd8 46. Ne3 Bd3 0-1

[Event "Druzynowe Mistrzostwa Polski Juniorow 2018 - II Liga"]
[Site "Szczyrk"]
[Date "1899-12-30"]
[Round "11.5"]
[White "Leczek, Weronika"]
[Black "Pyzio, Amelia"]
[Result "1-0"]
[WhiteTitle "k"]
[BlackTitle "I++"]
[WhiteElo "1832"]
[BlackElo "1679"]

1. e4 e5 2. Nf3 Nc6 3. Bc4 Bc5 4. c3 Nf6 5. d4 exd4 6. e5 d5 7. Bb5 Ne4 8. cxd4
Bb6 9. Nc3 O-O 10. h3 a6 11. Bxc6 bxc6 12. Be3 Bf5 13. O-O Qe7 14. Rc1 Qb4 15.
Nh4 Be6 16. Nxe4 dxe4 17. Qc2 Bxd4 18. Qxe4 c5 19. Bxd4 cxd4 20. Rxc7 Qxb2 21.
Rc2 Qb6 22. Rd1 Rfd8 23. Rcd2 Rac8 24. Nf3 Rc4 25. Rxd4 Rcxd4 26. Rxd4 Rxd4 27.
Nxd4 h6 28. Nxe6 Qxe6 29. a4 Qb6 30. Qc4 a5 31. Qb5 Qc7 32. Kf1 Kh7 33. Ke2 Qd8
34. Qd3+ Qxd3+ 35. Kxd3 1-0

[Event "Druzynowe Mistrzostwa Polski Juniorow 2018 - II Liga"]
[Site "Szczyrk"]
[Date "1899-12-30"]
[Round "11.6"]
[White "Mucha, Marta"]
[Black "Slusarczyk, Milena"]
[Result "0-1"]
[WhiteTitle "I+"]
[BlackTitle "I+"]
[WhiteElo "1432"]
[BlackElo "1422"]

1. e4 c5 2. Nc3 a6 3. f4 d6 4. Nf3 Nc6 5. g3 Nf6 6. Bg2 e6 7. O-O Be7 8. d3 b5
9. e5 Nd5 10. Nxd5 exd5 11. Qe2 O-O 12. Nd2 dxe5 13. fxe5 Nd4 14. Qd1 Bb7 15.
c3 Ne6 16. Qe2 Rb8 17. Nf3 d4 18. Bd2 Qd7 19. Rad1 Rfd8 20. Qf2 f6 21. Bh3 Qd5
22. Bxe6+ Qxe6 23. exf6 Bxf6 24. a3 Qd5 25. h3 Rf8 26. Kg2 Rbe8 27. Kh2 Bd8 28.
Kg2 Bc7 29. cxd4 Qxf3+ 30. Qxf3 Re2+ 31. Kg1 Rxf3 32. Rxf3 Bxf3 33. Kf1 Bxg3 0-1

[Event "Druzynowe Mistrzostwa Polski Juniorow 2018 - II Liga"]
[Site "Szczyrk"]
[Date "1899-12-30"]
[Round "11.7"]
[White "Luczak, Filip"]
[Black "Poziomkowski, Szymon"]
[Result "1-0"]
[WhiteTitle "CM"]
[BlackTitle "I"]
[WhiteElo "2044"]
[BlackElo "1767"]

1. e4 c5 2. Nf3 e6 3. d4 cxd4 4. Nxd4 a6 5. Bd3 Nf6 6. Qe2 d6 7. c4 Qc7 8. O-O
Nbd7 9. f4 b6 10. Nc3 Bb7 11. f5 Nc5 12. fxe6 fxe6 13. b4 Nxd3 14. Qxd3 Qd7 15.
Bg5 Be7 16. Qh3 Bc8 17. Rad1 O-O 18. e5 dxe5 19. Nf5 Qe8 20. Nxg7 Qg6 21. Bxf6
Rxf6 22. Rxf6 Qxf6 23. Nh5 Qg6 24. Rd3 Kh8 25. Qf3 Rb8 26. Qe2 Qg5 27. h4 Qf5
28. g4 1-0

[Event "Druzynowe Mistrzostwa Polski Juniorow 2018 - II Liga"]
[Site "Szczyrk"]
[Date "1899-12-30"]
[Round "11.8"]
[White "Fiszer, Bartosz"]
[Black "Grzesik, Gracjan"]
[Result "1-0"]
[WhiteTitle "CM"]
[BlackTitle "I"]
[WhiteElo "2011"]
[BlackElo "1884"]

1. e4 c5 2. Nf3 d6 3. d4 cxd4 4. Nxd4 Nf6 5. Nc3 a6 6. h4 e5 7. Nb3 Be6 8. f4 exf4
9. Bxf4 Nc6 10. Qd2 Be7 11. O-O-O Ne5 12. Nd4 O-O 13. Nxe6 fxe6 14. g3 b5 15.
Bh3 Neg4 16. Qe2 b4 17. Nb1 e5 18. Bxg4 Nxg4 19. Qxg4 exf4 20. gxf4 Qc7 21. Rh2
a5 22. Rg2 Rf7 23. Qe6 Rf8 24. Nd2 Kh8 25. f5 Bf6 26. Nc4 Re7 27. Qd5 a4 28. b3
axb3 29. cxb3 Rd8 30. Rc2 Qb8 31. Kb1 Bc3 32. a4 h6 33. Rg2 Bf6 34. Rg6 Qb7 35.
Qxb7 Rxb7 36. Rxd6 Re8 37. Rdxf6 Rxe4 38. Rd6 Rxh4 39. a5 Re7 40. Rge6 Rf7 41.
a6 Rxf5 42. a7 Rf1+ 43. Kc2 Rh2+ 44. Rd2 Rxd2+ 45. Kxd2 Ra1 46. Re8+ 1-0

[Event "Druzynowe Mistrzostwa Polski Juniorow 2018 - II Liga"]
[Site "Szczyrk"]
[Date "1899-12-30"]
[Round "11.9"]
[White "Majewski, Krzysztof"]
[Black "Cwiek, Ryszard"]
[Result "1/2-1/2"]
[WhiteTitle "II+"]
[BlackTitle "I"]
[WhiteElo "1695"]
[BlackElo "1741"]

1. e4 Nc6 2. Nf3 d6 3. d4 Nf6 4. Nc3 g6 5. Bd3 Bg7 6. O-O Bg4 7. Be3 O-O 8. h3
Bxf3 9. Qxf3 e5 10. d5 Ne7 11. Ne2 Ne8 12. Qg3 f5 13. f4 fxe4 14. Bxe4 Nf6 15.
Qf3 Nxe4 16. Qxe4 Qd7 17. fxe5 dxe5 18. c4 c6 19. Rxf8+ Rxf8 20. Bc5 cxd5 21.
cxd5 Rd8 22. Bxe7 Qxe7 23. Qc4 e4 24. Rd1 Be5 25. Kh1 Bd6 26. Qc3 Qe5 27. Qxe5
Bxe5 28. b3 Kf7 29. Kg1 Ke7 30. Kf2 Rc8 31. Rd2 Kd6 32. Ke3 Re8 33. Rd1 Bg7 34.
Ng3 Bh6+ 35. Kd4 Bg7+ 36. Ke3 Bh6+ 1/2-1/2

[Event "Druzynowe Mistrzostwa Polski Juniorow 2018 - II Liga"]
[Site "Szczyrk"]
[Date "1899-12-30"]
[Round "11.10"]
[White "Cwiek, Stefan"]
[Black "Wolaniecki, Patryk"]
[Result "0-1"]
[WhiteTitle "II"]
[BlackTitle "I"]
[WhiteElo "1238"]
[BlackElo "1713"]

1. e4 c5 2. Nf3 Nc6 3. c3 Nf6 4. d3 g6 5. Be3 d6 6. h3 Bg7 7. Be2 O-O 8. O-O e5
9. Nbd2 b6 10. Qc1 d5 11. exd5 Nxd5 12. Nc4 Qc7 13. Bh6 Nf4 14. Bxf4 exf4 15.
Ncd2 Bf5 16. Nb3 Rfe8 17. Re1 Rad8 18. Qd2 c4 19. Nc1 cxd3 20. Nxd3 Rxe2 21. Qxe2
Bxd3 22. Qd2 Bc4 23. Qc2 Ne5 24. Nxe5 Bxe5 25. Qe4 f6 26. a3 Bd5 27. Qc2 f3 28.
g4 Qf7 29. Rad1 Qg7 30. c4 Qh6 31. Rxd5 Rf8 32. Qe4 Qxh3 33. Rxe5 Qg2# 0-1

[Event "Druzynowe Mistrzostwa Polski Juniorow 2018 - II Liga"]
[Site "Szczyrk"]
[Date "1899-12-30"]
[Round "11.11"]
[White "Trembowiecka-wysota, Aleksandra"]
[Black "Szelejewska, Maria"]
[Result "1-0"]
[WhiteTitle "I"]
[BlackTitle "I"]
[WhiteElo "1555"]
[BlackElo "1184"]

1. e4 c6 2. d4 d5 3. e5 Bf5 4. Bd3 e6 5. Bxf5 exf5 6. Nf3 Ne7 7. O-O g6 8. Bg5
Bg7 9. Qd2 O-O 10. Qb4 f6 11. exf6 Bxf6 12. Bxf6 Rxf6 13. Re1 Rf7 14. Ng5 b6 15.
Nxf7 Kxf7 16. Nd2 Nd7 17. Qc3 Qc7 18. Qh3 Rh8 19. Nf3 Qf4 20. Re3 c5 21. Rae1
Nc6 22. dxc5 Nxc5 23. Re8 Rxe8 24. Qxh7+ Kf6 25. Rxe8 Qc1+ 26. Re1 Qf4 27. Qh8+
Kf7 28. Qe8+ Kg7 29. Qxc6 Qc4 30. Re7+ Kh6 31. Qf6 Kh5 32. Qg5# 1-0

[Event "Druzynowe Mistrzostwa Polski Juniorow 2018 - II Liga"]
[Site "Szczyrk"]
[Date "1899-12-30"]
[Round "11.12"]
[White "Pawlowska, Emilia"]
[Black "Bienko, Jagoda"]
[Result "0-1"]
[WhiteTitle "II"]
[BlackTitle "I"]
[WhiteElo "1225"]
[BlackElo "1436"]

1. e4 c5 2. Nf3 d6 3. Bb5+ Nd7 4. O-O e5 5. c3 Nf6 6. Re1 Be7 7. d4 Qc7 8. Bg5
O-O 9. d5 a6 10. Bxd7 Bxd7 11. c4 b5 12. Nbd2 Bg4 13. h3 Bxf3 14. Qxf3 Nxd5 15.
exd5 Bxg5 16. Ne4 Qe7 17. Qf5 Bf4 18. g3 g6 19. Qf6 Qxf6 20. Nxf6+ Kg7 21. Ne4
Bh6 22. Nxd6 f6 23. cxb5 Rfd8 24. Ne4 Rxd5 25. bxa6 Rxa6 26. a4 c4 27. Reb1 f5
28. Nc3 Rd3 29. Rd1 Bd2 30. Nb1 Bb4 31. Rxd3 cxd3 32. Nc3 Bxc3 33. bxc3 Rc6 34.
Rc1 Rc4 35. a5 Ra4 36. Rd1 e4 37. f3 e3 38. Rxd3 Ra1+ 39. Kg2 e2 40. Rd7+ Kh6
0-1

[Event "Druzynowe Mistrzostwa Polski Juniorow 2018 - II Liga"]
[Site "Szczyrk"]
[Date "1899-12-30"]
[Round "11.13"]
[White "Lis, Mateusz"]
[Black "Kukula, Karol"]
[Result "1-0"]
[WhiteTitle "k"]
[BlackTitle "I"]
[WhiteElo "2102"]
[BlackElo "1741"]

1. e4 Nf6 2. e5 Nd5 3. d4 d6 4. c4 Nb6 5. exd6 exd6 6. Nc3 Nc6 7. Be3 Be7 8. Qd2
Bf5 9. Be2 O-O 10. Nf3 Bf6 11. O-O Qd7 12. Rac1 Rfe8 13. Rfe1 Bg4 14. b3 a5 15.
a4 Nb4 16. h3 Bh5 17. Nh2 Bxe2 18. Nxe2 Qf5 19. Rc3 c5 20. Ng4 Rac8 21. Ng3 Qg6
22. Nxf6+ Qxf6 23. Rcc1 Qg6 24. h4 h6 25. Red1 Re7 26. Qe2 cxd4 27. Rxd4 d5 28.
Rg4 Qe6 29. Qf3 Kh8 30. Nf5 Nd7 31. Nxg7 Qf6 32. Bd4 Qxf3 33. Nf5+ f6 34. gxf3
Rh7 35. Rg6 Rg8 36. h5 Nd3 37. Rd1 dxc4 38. bxc4 N3e5 39. Bxe5 Nxe5 40. Rxg8+
Kxg8 41. f4 Nxc4 42. Rd8+ Kf7 43. Rd7+ Kg8 44. Ne7+ Kf8 45. Ng6+ Kg8 46. Rd8+
Kg7 47. Nf8 Nb6 48. Nxh7 Kxh7 49. Rb8 Nxa4 50. Rxb7+ Kg8 51. Kg2 Nc5 52. Ra7 Ne6
53. Kf3 a4 54. Rxa4 Ng7 55. Ra5 f5 56. Ke3 Kf7 57. Kd4 1-0

[Event "Druzynowe Mistrzostwa Polski Juniorow 2018 - II Liga"]
[Site "Szczyrk"]
[Date "1899-12-30"]
[Round "11.14"]
[White "Tustanowski, Mateusz"]
[Black "Bachor, Tomasz"]
[Result "1-0"]
[WhiteTitle "I++"]
[BlackTitle "I"]
[WhiteElo "2078"]
[BlackElo "1844"]

1. e4 c5 2. Nf3 g6 3. d3 Bg7 4. g3 Nc6 5. Bg2 e6 6. O-O Nge7 7. Nbd2 O-O 8. h4
d6 9. Nh2 Rb8 10. f4 f5 11. h5 b5 12. Ndf3 Nd4 13. Re1 b4 14. e5 Nxf3+ 15. Nxf3
d5 16. c4 Bb7 17. Ng5 Qb6 18. hxg6 hxg6 19. Be3 d4 20. Bc1 Bh6 21. Bxb7 Rxb7 22.
Nf3 Nc6 23. b3 a5 24. Kf2 Rh7 25. Rh1 Kg7 26. Rh3 Rfh8 27. Bd2 Kg8 28. Qc2 Bxf4
29. Rxh7 Be3+ 30. Bxe3 dxe3+ 31. Kxe3 Rxh7 32. Qb2 Rh5 33. Rg1 Kg7 34. g4 fxg4
35. Rxg4 Qc7 36. Rg5 Rxg5 37. Nxg5 Qe7 38. Nf3 g5 39. Qg2 Kg6 40. Qg4 Nd8 41.
d4 Nf7 42. Qe4+ Kh5 43. Qh7+ Nh6 44. Qxe7 Nf5+ 45. Ke4 Nxe7 46. d5 g4 47. Ne1
Kh4 48. Ng2+ Kg3 49. Nf4 exd5+ 50. cxd5 c4 51. d6 Nc6 52. e6 c3 53. e7 c2 54.
Qe8 1-0